Skúsenosti zo systémovej analýzy efektívnosti využívania VTZ.
Systémový prístup ako kvalitatívne nové riešenie problémov spojených s rozvojom súčasných objektov riadenia. Systémová analýza efektívnosti využitia VTZ vybraného strojárskeho podniku. Analýza matice ukazovateľov a matice koeficientov. Maticovo-vektorová interpretácia efektívnosti využitia VTZ (výro...
Gespeichert in:
| Format: | Buchkapitel |
|---|---|
| Sprache: | Slowakisch |
| Schlagworte: | |
| Tags: |
Keine Tags, Fügen Sie das erste Tag hinzu!
|
MARC
| LEADER | 00000naa a2200000 4500 | ||
|---|---|---|---|
| 001 | r002598 | ||
| 005 | 20220819181123.5 | ||
| 041 | 0 | |a slo | |
| 044 | |a [CS] | ||
| 245 | 1 | 0 | |a Skúsenosti zo systémovej analýzy efektívnosti využívania VTZ. |
| 520 | |a Systémový prístup ako kvalitatívne nové riešenie problémov spojených s rozvojom súčasných objektov riadenia. Systémová analýza efektívnosti využitia VTZ vybraného strojárskeho podniku. Analýza matice ukazovateľov a matice koeficientov. Maticovo-vektorová interpretácia efektívnosti využitia VTZ (výrobného potenciálu) strojárskeho podniku. | ||
| 610 | 2 | 0 | |a základňa výrobno-technická |
| 610 | 2 | 0 | |a efektívnosť |
| 610 | 2 | 0 | |a analýza systémová |
| 610 | 2 | 0 | |a riadenie |
| 610 | 2 | 0 | |a podnik strojársky |
| 610 | 2 | 0 | |a matice |
| 610 | 2 | 0 | |a potenciál výrobný |